Normal view MARC view

Entry Personal Name

Number of records used in: 1

001 - CONTROL NUMBER

  • control field: 58018

003 - CONTROL NUMBER IDENTIFIER

  • control field: OSt

005 - DATE AND TIME OF LATEST TRANSACTION

  • control field: 20251126161654.0

008 - FIXED-LENGTH DATA ELEMENTS

  • fixed length control field: 251126|| aca||aabn | a|a d

040 ## - CATALOGING SOURCE

  • Original cataloging agency: OSt
  • Transcribing agency: OSt

100 ## - HEADING--PERSONAL NAME

  • Personal name: Singh, Rajesh O. P. and Mirza, Amna

670 ## - SOURCE DATA FOUND

  • Source citation: Work cat.: (OSt): Singh, Rajesh O. P. and Mirza, Amna , The great conciliator: Lal Bahadur Shastri and the transformation of India

Powered by Koha